000 01653nam a22002537a 4500
005 20120528165146.0
010 _aB-448701-705
020 _a9780415323215
035 _aB-448701-705
037 _bK.K.Pub/Ven
082 _a305.6709548
100 _aMallampalli, Chandra
_948948
245 _aChristians and public life in colonial South India, 1863-1937 :
_bcontending with marginality /
_cby Chandra Mallampalli
260 _aLondon
_bRoutledge
_c2006 (repr)
260 _aNew Delhi
_bOrient Blackswan
_c2006
300 _axiv, 305p.
_c23 cm. (Hb)
942 _2ddc
_cEN
_h305.6709548
_mMAL
999 _c67274
_d67274